Missing Word: 'C' Names Quiz Stats

Quiz Updated Mar 8, 2016

Challenge
Share
Tweet
Embed
Score 0/24 Timer 02:00
4 Plays Today
Full Name Missing Name % Correct
_____ the Friendly GhostCasper
95.1%
North _____Carolina
92.6%
Christopher _____Columbus
91.5%
_____ and AbelCain
90.4%
_____ BrownCharlie
89.9%
Butch _____Cassidy
86.5%
_____ KentClark
83%
Coco _____Chanel
81.3%
Ray _____Charles
76.7%
_____ & HobbesCalvin
74.8%
Bill _____Cosby
72.8%
_____ SandiegoCarmen
72.6%
Full Name Missing Name % Correct
_____ FisherCarrie
66.5%
Daniel _____Craig
64.8%
_____ LauperCyndi
61.3%
June _____ CashCarter
59.9%
_____ Clearwater RevivalCreedence
58.3%
_____ Parker BowlesCamilla
56.1%
_____ the GreatCatherine
51.3%
JPMorgan _____Chase
51.1%
_____ YastrzemskiCarl
48.8%
_____ at the BatCasey
48.2%
David _____Cameron
36.9%
_____ FlynnCandace
16.3%

Today's Daily Dose

Word Ladder
'90s Movies

Quick Pick
'Fire' Movies

On This Day
June 19th II

You're not logged in!

Compare scores with friends on all Sporcle quizzes.
Join for Free
OR
Log In

You Might Also Like...

Show Comments

Extras

Top Quizzes Today


Score Distribution

Your Account Isn't Verified!

In order to create a playlist on Sporcle, you need to verify the email address you used during registration. Go to your Sporcle Settings to finish the process.

Report this User

Report this user for behavior that violates our Community Guidelines.

Details: